000 00502nam a22001937a 4500
005 20200128105623.0
008 200128b xxu||||| |||| 00| 0 eng d
020 _a9781786894533
_cRs. 499.00
040 _aLoreto College
_bEng
041 _aEnglish
082 _aF
_bMCC
100 _aMcCall Smith, Alexander
245 _aDream angus
_cAlexander McCall Smith
260 _aEdinburgh
_bCanongate Books
_c2019
300 _a173 p.
_b24 cm.
650 _aFiction
850 _aLCLIB
942 _cBK
999 _c42567
_d93046